书目信息 |
| 题名: |
白酒生产技术
|
|
| 作者: | ||
| 分册: | ||
| 出版信息: | 北京 化学工业出版社 2005 |
|
| 页数: | 292 | |
| 开本: | 26cm | |
| 丛书名: | 酒类生产技术丛书 | |
| 单 册: | ||
| 中图分类: | TS262.3 | |
| 科图分类: | ||
| 主题词: | 酿造--食品工业 | |
| 电子资源: | ||
| ISBN: | 7-5025-6850-6 | |
| 000 | 00520nam0 2200193 450 | |
| 001 | 0741144344 | |
| 005 | 20070817112544.34 | |
| 010 | @a7-5025-6850-6@d¥35.00 | |
| 100 | @a20070817d km y0chiy0120 ea | |
| 101 | 0 | @achi |
| 200 | 1 | @a白酒生产技术@Abai jiu sheng chan ji shu |
| 210 | @a北京@c化学工业出版社@d2005 | |
| 215 | @a292@d26cm | |
| 225 | 2 | @a酒类生产技术丛书 |
| 410 | 0 | @12001 @a酒类生产技术丛书 |
| 606 | 0 | @a酿造@x食品工业 |
| 690 | @aTS262.3@v3 | |
| 801 | 0 | @aCN@bPFT@c20070817 |
| 905 | @a213230@dTS262.3@en2@f1 | |
| 白酒生产技术.-北京:化学工业出版社,2005 |
| 292;26cm.-(酒类生产技术丛书) |
| ISBN 7-5025-6850-6:¥35.00 |
| ● |
| 相关链接 |
|
|
|
|
正题名:白酒生产技术
索取号:TS262.3/n2
 
预约/预借
| 序号 | 登录号 | 条形码 | 馆藏地/架位号 | 状态 | 备注 |
| 1 | 6601292 | 266012922 | 生命科学系资料室/ [索取号:TS262.3/n2] | 在馆 |